000 01236nam a22002057a 4500
003 OSt
005 20251124131609.0
008 251115b |||||||| |||| 00| 0 eng d
040 _cDCL
082 _a၂၉၄.၃၈၂၂၄
130 _aတိပိဋက။
_pဝိနယပိဋက။
_tစူဠဝဂ္ဂ၊
_lပါဠိတော်၊
_sနိဿယ။
245 _aစူဠဝါပါဠိတော်နိဿယ၊
_nဒုတိယတွဲ /
_cမြန်မာပြန်ဆိုသူ စံကျောင်းဆရာတော်။
264 _aရန်ကုန် ၊
_bဣစ္ဆာသယစာပုံနှိပ်တိုက်၊
_c၁၉၆၉။
264 _aရန်ကုန် ၊
_bသိန်းထွန်းပုံနှိပ်တိုက်၊
_c၂၀၀၈။
300 _aင၊ ၂၉၂ စာမျက်နှာ ၊
_c၂၅ စင်တီ။
650 _aစူဠဝါ
_vပါဠိတော် နိဿယ။
650 _aစူဠဝဂ္ဂ
_vပါဠိတော် နိဿယ။
700 _aစံကျောင်းဆရာတော်
_eမြန်မာပြန်ဆိုသူ
942 _2ddc
_cSHORT TERM
_n0
999 _c2472
_d2472